Konsolidácia alebo fragmentácia? veľkosť miestnych samospráv v Strednej a Východnej Európe

Salvato in:
Dettagli Bibliografici
Altri autori: Swianiewicz, Pawel, Kling, Jaroslav
Natura: Libro
Lingua:slovacco
Pubblicazione: Bratislava M.E.S.A. 10 - Centrum pre ekonomické a sociálne analýzy 2003
Soggetti:
Tags: Aggiungi Tag
Nessun Tag, puoi essere il primo ad aggiungerne!!

MARC

LEADER 00000nam$a2200000$$$4500
001 0038913
005 20240318125630.4
041 0 |a slo 
044 |a SK 
245 1 0 |a Konsolidácia alebo fragmentácia?  |b veľkosť miestnych samospráv v Strednej a Východnej Európe  |c editor: Pawel Swianiewicz ; preklad: Jaroslav Kling 
264 1 |a Bratislava  |b M.E.S.A. 10 - Centrum pre ekonomické a sociálne analýzy  |c 2003 
300 |a 78 s. 
610 2 0 |a samospráva miestna 
610 2 0 |a služby 
610 2 0 |a efektívnosť 
610 2 0 |a správa verejná 
610 2 0 |a vývoj 
610 2 0 |a obce 
610 2 0 |a demokracia 
610 2 0 |a spolupráca cezhraničná 
610 2 0 |a Slovensko 
610 2 0 |a stredná Európa 
610 2 0 |a východná Európa 
700 1 |a Swianiewicz, Pawel 
700 1 |a Kling, Jaroslav